Normal view
MARC view
- المصير العربي
Entry Topical Term
001 - CONTROL NUMBER
- control field: 8627
003 - CONTROL NUMBER IDENTIFIER
- control field: JO-AjAnu
005 - DATE AND TIME OF LATEST TRANSACTION
- control field: 20230606071706.0
008 - FIXED-LENGTH DATA ELEMENTS
- fixed length control field: 230606|| aca||aabn | a|a d
040 ## - CATALOGING SOURCE
- Original cataloging agency: JO-AjAnu
- Transcribing agency: JO-AjAnu
150 ## - HEADING--TOPICAL TERM
- Topical term or geographic name entry element: المصير العربي
670 ## - SOURCE DATA FOUND
- Source citation: Work cat.: (JO-AjAnu)4453: الجهماني، خليل, author 8626, المصير العربي من عام 1990الى عام 2030 عرض واقعي ونظرة مستقبلية